[Event "Lidums Checkmate Op"]
[Site "Adelaide"]
[Date "2007.07.08"]
[Round "7.9"]
[White "Zaric, Srboljub"]
[Black "Srdic, Goran"]
[Result "0-1"]
[Annotator "Fritz 10"]
[BlackElo "2006"]
[EventCountry "AUS"]
[EventDate "2007.07.07"]
[EventRounds "7"]
[EventType "swiss"]
[PlyCount "48"]
[WhiteElo "2144"]

{ C19: French: 3 Nc3 Bb4: Main line: 7 Nf3 and 7 a4 } 1. e4 e6 2. d4 d5 3. Nc3
Bb4 4. e5 c5 5. a3 Bxc3+ 6. bxc3 Ne7 7. a4 Qa5 8. Bd2 Nbc6 ( 8... Bd7 9. Nf3
Bc6 10. dxc5 Nd7 11. Bd3 Qc7 { 1/2-1/2 Palac,M  ( 2566 ) -Cebalo,M  ( 2475 )
/Bizovac 2004/CBM 098 ext}  )9. g4 $146 ( 9. Bd3 c4 10. Be2 Bd7 11. Nh3 O-O-O
12. Nf4 Rhg8 13. Bg4 Ng6 14. Nh5 Rdf8 15. Qe2 Nd8 16. O-O f5 17. exf6 gxf6 18.
Bh3 Rf7 19. Rfe1 Qc7 20. Qe3 Kb8 21. Qg3 Kc8 22. Qxc7+ Kxc7 23. Kf1 a5 {
Novopashin,A-Bronstein,D/Leningrad 1963/URS-ch/0-1  ( 89 )}  )( 9. Qg4 O-O 10.
Nf3 ( 10. Bd3 c4 11. Be2 f6 12. f4 Qb6 13. Bc1 Qa5 14. Bd2 b5 15. Nf3 bxa4 16.
O-O a3 17. Ra2 Rb8 18. Rfa1 Rb2 19. Rxa3 Qb6 20. Bd1 fxe5 21. fxe5 Bd7 22. h3
Nf5 23. Kh2 Rb1 24. Bc1 h6 { Heinatz,T  ( 2380 ) -Libeau,R  ( 2450 ) /Germany
1997/GER-chT/1/2-1/2}  )10... f6 11. Bd3 f5 12. Qg3 c4 13. Be2 b5 14. O-O bxa4
15. Ng5 Nxd4 16. cxd4 Qxd2 17. Qh4 h6 18. Nf3 Ng6 19. Nxd2 Nxh4 20. Rxa4 Ng6
21. Rfa1 a6 22. Nb1 Ne7 23. Ra5 Nc6 { Fischer,R-Kortschnoj,V/Herceg Novi
1970/Fischer/0-1  ( 55 )}  )( 9. Qg4 O-O 10. Bd3 f6 $11 )9... c4 { This push
gains space}  ( 9... Qc7 $5 10. Nf3 O-O $15 )10. f4 ( 10. h4 Bd7 $14 )10... f6
( 10... h5 11. g5 $11 )11. exf6 ( 11. h4 $5 $14)11... gxf6 $11 12. Nf3 h6 {
Secures g5}  13. h4 ( 13. g5 $5 hxg5 14. fxg5 fxg5 15. Nxg5 $11 )13... Bd7 $15
14. h5 { White gets more space}  14... O-O-O 15. Nh4 e5 16. dxe5 fxe5 17. f5 {
White has a new protected passed pawn: f5. Black has a new passed pawn: e5} 
17... d4 { Black threatens to win material: d4xc3}  18. Qb1 $4 ( 18. Rh3 Nd5
19. Qe2 dxc3 20. Rxc3 Nxc3 21. Qxc4 $17 )18... dxc3 $19 19. Bxh6 ( 19. Be3 Nd5
20. Rh3 Nxe3 21. Rxe3 Qc5 $19 )19... Rxh6 20. Bg2 ( 20. Qb5 { there is nothing
better in the position}  20... Qb4 21. Qxc4 Nxf5 22. gxf5 Rxh5 23. f6 $19
)20... Qc5 21. Qc1 ( 21. Kf1 { desperation}  21... Nb4 22. Bf3 $19 )21... Rd6
22. Nf3 Nd4 ( 22... e4 $142 { and Black can already relax}  23. Qf4 Nd5 24.
Qxe4 Ne3 $19 )23. h6 ( 23. Rh3 { hoping against hope}  23... Bc6 24. Kf1 Nexf5
25. Qg5 $19 )23... Nxf3+ 24. Bxf3 Rd2 ( 24... Rd2 25. Bxb7+ Kxb7 26. Qxd2 cxd2+
27. Kf1 Bc6 28. Ke2 Qd5 29. Rab1+ Kc7 30. Rb7+ Bxb7 31. Rf1 Qg2+ 32. Rf2 d1=Q+
33. Ke3 Nd5# ) 0-1

[Event "Lidums Checkmate Op"]
[Site "Adelaide"]
[Date "2007.07.08"]
[Round "7.10"]
[White "Hacche, David J"]
[Black "Lin, Zhigen Wilson"]
[Result "1-0"]
[Annotator "Fritz 10"]
[BlackElo "2097"]
[EventCountry "AUS"]
[EventDate "2007.07.07"]
[EventRounds "7"]
[EventType "swiss"]
[PlyCount "78"]
[WhiteElo "2036"]

{ D02: 1 d4 d5 2 Nf3 sidelines, including 2...Nf6 3 g3 and 2...Nf6 3 Bf4 } 1. d4
d5 2. Bf4 Nf6 3. Nf3 c5 4. c3 Qb6 5. Qc1 ( 5. Qc2 cxd4 6. cxd4 Nc6 7. e3 g6 8.
Nc3 Bf5 9. Qb3 Qxb3 10. axb3 Bg7 11. Bb5 Bd7 12. O-O O-O 13. h3 a6 14. Be2 Be6
15. Rfc1 h6 16. Na4 Nd7 17. Nc5 Nxc5 18. Rxc5 Rfc8 19. Rac1 Nb4 { Edward
Dappa,R-Winfridsson,O  ( 2080 ) /Coventry 2005/CBM 105 ext/0-1  ( 50 )}  )5...
Nc6 6. dxc5 $146 ( 6. e3 g6 7. h3 Bg7 8. Nbd2 O-O 9. Be2 Bf5 10. O-O Rac8 11.
Ne5 Nd7 12. Nxc6 Qxc6 13. Nf3 b5 14. Qd2 c4 15. Bh2 f6 16. Rad1 Nb6 17. Rc1
Rfe8 18. Nh4 Bd7 19. f4 a5 20. g4 e5 { Marinsek,T  ( 2185 ) -Polgar,S  ( 2450 )
/Ljubljana 1994/TD/0-1  ( 32 )}  )6... Qxc5 7. e3 { Controls d4}  7... Bf5 8.
Nbd2 Qb6 9. a4 e6 10. Bb5 ( 10. Nd4 Nxd4 11. exd4 a6 $11 )10... a6 $15 11.
Bxc6+ ( 11. Be2 Nh5 12. Bg5 h6 $15 )11... bxc6 $17 ( { Less advisable is }
11... Qxc6 12. Nd4 Qd7 13. Nxf5 exf5 14. Qc2 $14 )12. O-O Be7 13. a5 { White
threatens to win material: a5xb6}  13... Qb7 14. Re1 ( 14. b4 O-O $17 )14...
O-O 15. h3 h6 ( 15... Rac8 16. b3 $17 )16. Ne5 ( 16. b4 c5 17. bxc5 Bxc5 $17
)16... Rac8 $19 17. g4 ( 17. Rd1 Ne4 $19 )17... Bh7 18. h4 Ne4 19. Nef3 $2 (
19. Nxe4 $142 Bxe4 20. f3 $19 )19... Nc5 20. b4 Nd3 21. Qa3 Nxe1 22. Rxe1 c5
23. bxc5 Rxc5 24. Be5 ( 24. g5 { is not much help}  24... hxg5 25. hxg5 Rfc8
$19 )24... Rc4 25. Qa2 ( 25. Bd6 { doesn't get the cat off the tree}  25...
Rxg4+ 26. Kh1 Bxd6 27. Qxd6 Rc8 $19 )25... Rxg4+ 26. Bg3 ( 26. Kh2 { doesn't
improve anything}  26... Rc8 $19 )26... Qb5 27. Nd4 ( 27. Kh2 { cannot undo
what has already been done}  27... Rc8 28. Rc1 Ra4 $19 )27... Qd3 28. N2f3 Qxc3
29. Qe2 ( 29. Qa1 { doesn't get the bull off the ice}  29... Rc8 $19 )29... Bd3
30. Qd1 Bd6 31. Kh2 Bxg3+ 32. fxg3 Bh7 ( 32... Rb8 $142 { might be the shorter
path}  33. Qc1 Qxc1 34. Rxc1 Rb2+ 35. Kh3 $19 )33. Ne5 ( 33. Qc1 { hardly
improves anything}  33... Rc8 34. Qxc3 Rxc3 $19 )33... Re4 34. Nd7 ( 34. Nec6 {
doesn't change the outcome of the game}  34... Rxe3 35. Rxe3 Qxe3 $19 )34...
Rd8 ( 34... Qc7 $142 { seems even better}  35. Nf6+ gxf6 36. Kg2 $19 )35. Nb6 (
35. Qc1 { cannot change what is in store for ?}  35... Qxa5 36. Nb3 Qa2+ (
36... Rxd7 { is impossible}  37. Nxa5 Rd8 38. Nc6 $18 )37. Qd2 Qxb3 $19 )35...
Rxe3 36. Rxe3 Qxe3 37. Nc6 Qf2+ 38. Kh3 Be4 ( 38... Bf5+ 39. g4 Be4 40. Ne7+
Kh7 41. Qd2 Qxd2 42. Kg3 Qg2+ 43. Kf4 Qf2+ 44. Ke5 Qf6# )39. Nxd8 ( 39. Ne7+ {
is no salvation}  39... Kh7 40. Qg1 Qxg1 41. Kg4 h5+ 42. Kf4 Qf2+ 43. Kg5 Qxg3+
44. Kxh5 Bf3# )39... Bg2+  1-0

[Event "Lidums Checkmate Op"]
[Site "Adelaide"]
[Date "2007.07.08"]
[Round "7.11"]
[White "Sandler, Leonid"]
[Black "Stojic, Svetozar"]
[Result "1-0"]
[Annotator "Fritz 10"]
[BlackElo "1919"]
[EventCountry "AUS"]
[EventDate "2007.07.07"]
[EventRounds "7"]
[EventType "swiss"]
[PlyCount "71"]
[WhiteElo "2345"]

{ B29: Sicilian: 2 Nf3 Nf6  ( Nimzowitsch Variation ) } 1. e4 c5 2. Nf3 Nf6 3.
Nc3 d5 4. exd5 Nxd5 5. Bc4 Nxc3 6. bxc3 e6 7. O-O Be7 8. d4 ( 8. Ne5 Nd7 9. Qe2
Nxe5 10. Qxe5 O-O 11. Rb1 Bd6 12. Qe4 Rb8 13. d4 cxd4 14. Bb3 f5 15. Qxd4 Qc7
16. Qh4 Bd7 17. Re1 Rf6 18. Bg5 Rg6 19. Be7 Bxe7 20. Qxe7 Rxg2+ 21. Kf1 Qxh2
22. Qc5 Bc6 { Gockner,M  ( 2060 ) -Kunin,V  ( 2494 ) /Oberwart 2006/CBM 113
ext/0-1}  )8... O-O 9. Qe2 Nd7 { Black's piece can't move: c8}  10. Bd3 $146 (
10. Rd1 Qc7 11. d5 e5 12. Ng5 Nf6 13. a4 Bd6 14. h3 Bd7 15. Bd3 h6 16. Ne4 Nxe4
17. Qxe4 f5 18. Qh4 e4 19. Bf1 f4 20. c4 Rae8 21. Ra3 Rf5 22. g4 fxg3 23. fxg3
e3 24. Rxe3 Rxe3 { Leong,M  ( 2205 ) -Simonet Pons,M  ( 2300 ) /Mallorca
2004/CBM 104/0-1}  )10... Nf6 11. Rd1 Qc7 12. Ne5 b6 13. Bf4 Nd5 { Black
threatens to win material: Nd5xf4}  14. Bg3 Bd6 15. Qh5 { White has a mate
threat}  ( 15. dxc5 $5 { looks like a viable alternative}  15... Qxc5 16. c4
$11 )15... f5 $15 { Black has a new backward pawn: e6}  16. Re1 Nxc3 17. dxc5
bxc5 18. Nc4 { The knight feels good on c4}  18... Bxg3 19. hxg3 Qf7 ( 19...
Rb8 20. g4 $15 )20. Qh4 ( 20. Qxf7+ Kxf7 21. Re5 Kf6 22. Rxc5 Rd8 $14 )20...
Qf6 ( 20... Qd7 21. Na5 $15 )21. Qf4 ( 21. Qxf6 Rxf6 22. Re5 Na4 $11 )21... Rd8
( 21... Bb7 22. Qe3 Bd5 23. Ne5 $15 )22. Re5 ( 22. Qc7 Qf8 $11 )22... Rd4 {
Black threatens to win material: Rd4xf4}  ( 22... Bb7 23. Rae1 Be4 24. Rxc5
Bxd3 25. cxd3 Rxd3 26. Qe5 $15 )23. Qf3 $15 { White threatens to win material:
Qf3xa8}  23... Rb8 24. Rae1 ( 24. Qc6 $5 { should be investigated more closely}
 24... Bb7 25. Qxc5 $11 )24... Bb7 $17 25. Qe3 Ne4 ( 25... Bd5 $5 $142 26. Na5
Ne4 $17 )26. Bxe4 $11 Rxe4 ( { Inferior is } 26... Rxc4 27. Bxb7 Rxb7 28. Rxe6
$16 )27. Rxe4 Bxe4 ( { Instead of } 27... fxe4 28. Rb1 Qe7 29. Na5 $14 )28.
Qxc5 Qc3 ( { Inferior is } 28... Bxc2 29. Ne5 Rb1 30. Qc8+ Qf8 31. Qxe6+ Kh8
32. Rxb1 Bxb1 33. a4 $18 )29. Rc1 Bd5 { Black threatens to win material:
Bd5xc4}  ( 29... Bxc2 $2 { doesn't solve anything}  30. Qd6 Re8 31. Ne3 $18
)30. Qd6 { White threatens to win material: Qd6xb8}  30... Rc8 { Black
threatens to win material: Rc8xc4}  31. Ne3 Bxa2 32. Qa6 { White threatens to
win material: Qa6xa2}  32... Bb3 33. Rf1 Bd5 ( 33... Bxc2 $2 { fails to}  34.
Qxe6+ Kh8 35. Rc1 $18 )34. Qxa7 Be4 { Black threatens to win material: Be4xc2} 
35. Qe7 e5 ( 35... Qf6 $5 $142 { must definitely be considered}  36. Qd7 Rd8
$11 )36. Rd1 $16 ( 36. Rd1 Qc6 37. Qxe5 $16 ) 1-0

[Event "Lidums Checkmate Op"]
[Site "Adelaide"]
[Date "2007.07.08"]
[Round "7.12"]
[White "Mdinaradze, Edgar"]
[Black "Zvedeniouk, Ilya"]
[Result "0-1"]
[Annotator "Fritz 10"]
[BlackElo "2123"]
[EventCountry "AUS"]
[EventDate "2007.07.07"]
[EventRounds "7"]
[EventType "swiss"]
[PlyCount "94"]
[WhiteElo "1896"]

{ D37: Queen's Gambit Declined: 5 Bf4 } 1. d4 e6 2. c4 d5 3. Nc3 Nf6 4. Nf3 Nbd7
5. e3 a6 6. b3 Bb4 7. Bd2 O-O ( 7... b6 8. Bd3 Bb7 9. O-O Qe7 10. Rc1 O-O 11.
Ne2 Ba3 12. Rc2 dxc4 13. Rxc4 c5 14. Ng3 Rfd8 15. Qe2 b5 16. Rc2 h6 17. Bc1
cxd4 18. Nxd4 Ne5 19. Bxa3 Qxa3 20. Rc7 Nxd3 21. Rxb7 Ne5 22. Nh5 {
Riazantsev,A  ( 2527 ) -Aleksandrov,A  ( 2654 ) /Batumi 2002/CBM 090/1/2-1/2  (
49 )}  )( 7... c5 8. dxc5 Nxc5 9. cxd5 exd5 10. a3 Bxc3 11. Bxc3 O-O 12. Be2
Nce4 13. Bd4 Bg4 14. O-O Rc8 15. Rc1 Qa5 16. h3 Bxf3 17. Bxf3 { 0-1 Gawollek,H 
( 1350 ) -Roehrkasten,R  ( 1875 ) /Verden 2006/CBM 110 ext}  )8. Be2 $146 ( 8.
Bd3 dxc4 9. bxc4 e5 10. dxe5 Ng4 11. Qb1 Ndxe5 12. Nxe5 Nxe5 13. Bxh7+ Kh8 14.
Qxb4 Kxh7 15. O-O Rh8 16. c5 Kg8 17. Ne2 Nc6 18. Qc3 Qh4 19. f3 Qxh2+ 20. Kf2
Be6 21. e4 Qe5 22. Bf4 Qxc3 { Vasiljev,A-Chekhover,V/Leningrad 1947/MCD/1/2-1/2
 ( 35 )}  )8... b6 9. O-O Bb7 ( 9... Bd6 10. a4 $11 )10. cxd5 ( 10. Nxd5 $5
Nxd5 11. cxd5 $14 )10... exd5 $11 ( { Worse is } 10... Nxd5 11. Nxd5 Bxd2 12.
Nxb6 ( 12. Nxd2 $6 Bxd5 13. Rc1 c5 $11 )12... cxb6 13. Qxd2 $16 )11. Bd3 Re8
12. Ne2 ( 12. Qc2 Qe7 $11 )12... Bd6 $15 13. Ng3 g6 { Prevents intrusion on f5}
 14. Qc2 Ne4 15. Rfd1 Qf6 { Black has an active position}  ( 15... Nxd2 16.
Qxd2 Qe7 17. a4 $15 )16. Be1 h5 17. Bxe4 dxe4 18. Nd2 { White threatens to win
material: Nd2xe4}  18... Qe6 { White's piece can't move: e1}  19. Nc4 Bf8 20.
Rac1 Rac8 21. Bc3 Bd5 { The bishop likes it on d5}  22. Bb2 f6 { Secures e5}  (
22... h4 23. Ne2 g5 24. Ne5 $15 )23. Qb1 ( 23. Ne2 $5 $11)23... h4 $15 { Black
threatens to win material: h4xg3}  24. Ne2 g5 25. Nc3 ( 25. h3 $5 $15 {
deserves consideration} )25... Bxc4 $17 26. bxc4 h3 27. gxh3 Bd6 28. Ne2 $2 (
28. f4 $142 gxf4 29. exf4 Qxh3 30. Rf1 $19 )28... Qxh3 29. Ng3 Kf7 ( 29... f5
$5 $142 { keeps an even firmer grip}  30. c5 f4 31. Qc2 $19 )30. c5 bxc5 31.
dxc5 Nxc5 32. Rxc5 Bxc5 33. Qc2 $2 ( 33. Nxe4 $142 Qg4+ 34. Ng3 $19 )33... Bd6
34. Qc4+ Qe6 35. Qa4 ( 35. Qxa6 Ra8 36. Qb5 Rxa2 $19 )35... Re7 ( 35... Rb8 {
makes it even easier for Black}  36. Bc3 $19 )36. Rd4 ( 36. Qxa6 Rh8 $19 )36...
Bxg3 37. fxg3 Rb8 38. Rd2 Rb5 39. Rc2 ( 39. Rf2 f5 40. Qd4 $19 )39... Rd7 40.
Rf2 ( 40. Kg2 { does not help much}  40... Qg4 41. Qc4+ Kg7 $19 )40... Rf5 41.
Rc2 ( 41. Re2 $19 { otherwise it's curtains at once} )41... Rd1+ 42. Kg2 Rff1
43. Rxc7+ ( 43. Qc4 { what else?}  43... Rg1+ 44. Kf2 $19 )43... Kg6 44. Rc5
Rg1+ 45. Kf2 Rdf1+ ( 45... Rh1 46. Qxd1 Rxd1 47. Kg2 Rd2+ 48. Kg1 Qh3 49. Rxg5+
fxg5 50. Bd4 Qg2# )46. Ke2 $19 Rb1 47. Bd4 Rg2#  0-1

[Event "Lidums Checkmate Op"]
[Site "Adelaide"]
[Date "2007.07.08"]
[Round "7.13"]
[White "Dragicevic, Domagoj"]
[Black "Wedding, Robin"]
[Result "1/2-1/2"]
[Annotator "Fritz 10"]
[BlackElo "1856"]
[EventCountry "AUS"]
[EventDate "2007.07.07"]
[EventRounds "7"]
[EventType "swiss"]
[PlyCount "72"]
[WhiteElo "2087"]

{ C00: French: Unusual White 2nd moves } 1. e4 e6 2. d3 d5 3. Nd2 Nf6 4. Ngf3
Nc6 5. c3 Bd6 6. Qc2 ( 6. b4 a5 7. b5 dxe4 8. dxe4 Ne5 9. Nxe5 Bxe5 10. Qc2 Nd7
11. Nc4 Bf6 12. Be2 Ne5 13. Ne3 Be7 14. f4 Ng6 15. O-O Bc5 16. Kh1 O-O 17. Nc4
f5 18. Bd3 Qe7 19. Bd2 b6 20. Rae1 Qd7 { Ljubojevic,L  ( 2590 ) -Portisch,L  (
2640 ) /Montreal 1979/MCL/1/2-1/2  ( 52 )}  )6... O-O 7. Be2 e5 8. O-O Bg4 $146
( 8... Re8 9. Re1 b6 10. Nf1 h6 11. Ng3 Ne7 12. d4 dxe4 13. dxe5 exf3 14. exd6
fxe2 15. dxe7 Rxe7 16. Rxe2 Bb7 17. Rxe7 Qxe7 18. Be3 Qe6 19. Bd4 Nd5 20. f3 c5
21. Bf2 Nf4 22. Re1 Qxa2 23. Nf5 { Fox,A  ( 2123 ) -Cech,P  ( 2407 ) /Cork
2005/CBM 105 ext/0-1  ( 60 )}  )9. Re1 Qd7 10. Nf1 d4 { This push gains space} 
11. Ng3 Rfe8 { White has a cramped position}  12. Nh4 Bxe2 13. Rxe2 dxc3 (
13... Rad8 14. Nhf5 $11 )14. bxc3 $14 g6 { Consolidates f5}  ( 14... Bc5 15.
Be3 Bb6 16. Rd1 $14 )15. Bg5 { White threatens to win material: Bg5xf6}  15...
Be7 ( 15... Qe6 16. Rb1 $16 )16. Qd2 ( 16. Nf3 Red8 17. Rd1 Ne8 $16 )16... Rad8
17. Rd1 Qe6 18. f4 exf4 19. Qxf4 Qg4 ( 19... h6 20. Bxh6 Bc5+ 21. d4 Nxd4 22.
cxd4 Bxd4+ 23. Rxd4 Rxd4 24. h3 $16 ( 24. Qxc7 $6 Rc8 25. Qxb7 Rd1+ 26. Nf1 Ng4
$15 ))20. Qxg4 ( 20. Nf3 $5 $16)20... Nxg4 $14 21. Bxe7 Rxe7 22. d4 Na5 23. Nf3
{ White prepares e5}  23... Nc4 { The knight is not easily driven from c4}  (
23... c5 24. Rde1 $14 )24. e5 ( 24. h3 Nf6 $16 )24... Nge3 $14 { Black
threatens to win material: Ne3xd1}  25. Rc1 b5 26. Ne4 Nd5 27. g3 { Controls
f4}  27... Kg7 { Black king safety dropped}  28. Kf2 f6 29. Nxf6 Nxf6 30. exf6+
Kxf6 31. Rxe7 Kxe7 32. Re1+ Kf6 ( 32... Kd6 33. Kg2 $11 )33. h4 h6 { Covers g5}
 34. g4 Nb6 35. g5+ hxg5 36. hxg5+ Kf7  1/2-1/2

[Event "Lidums Checkmate Op"]
[Site "Adelaide"]
[Date "2007.07.08"]
[Round "7.14"]
[White "Goldsmith, Alan D"]
[Black "Zulfic, Fedja"]
[Result "0-1"]
[Annotator "Fritz 10"]
[BlackElo "1809"]
[EventCountry "AUS"]
[EventDate "2007.07.07"]
[EventRounds "7"]
[EventType "swiss"]
[PlyCount "82"]
[WhiteElo "2081"]

{ B27: Sicilian: 2 Nf3, unusual Black 2nd moves } 1. e4 c5 2. Nf3 g6 3. h4 h5 (
3... Bg7 4. h5 d6 5. Bc4 Nc6 6. d3 Nf6 7. h6 Bf8 8. Bg5 e6 9. e5 dxe5 10. Bb5
Qa5+ 11. Nc3 Nd7 12. Bxc6 bxc6 13. Nxe5 c4 14. Nf3 cxd3 15. Qxd3 f6 16. Bd2 Be7
17. Qe2 e5 18. Ne4 { Skripchenko,A  ( 2456 ) -Wojtkiewicz,A  ( 2559 ) /New York
2004/CBM 100 ext/0-1  ( 36 )}  )4. d4 cxd4 ( 4... Bg7 5. Nc3 cxd4 6. Nxd4 Nc6
7. Be3 Nf6 8. f3 O-O 9. Nb3 a5 10. Bb5 d5 11. Bxc6 bxc6 12. e5 Nd7 13. f4 Nb6
14. Bxb6 Qxb6 15. Qd4 Qc7 16. Qc5 e6 17. Nb5 Qb7 18. Nd6 Qb4+ 19. Qxb4 {
Perciun,D  ( 2202 ) -Slovineanu,V  ( 2423 ) /Predeal 2006/CBM 113 ext/0-1  ( 39
)}  )5. Nxd4 $146 ( 5. Bc4 Nc6 ( 5... Qb6 6. c3 d3 7. Qxd3 Nf6 8. Be3 Qxb2 9.
O-O Ng4 10. Bd4 Rh7 11. Ng5 e5 12. Nxh7 exd4 13. Qxd4 Nc6 14. Qh8 Kd8 15. Nxf8
Kc7 16. Bxf7 Qxa1 17. Nxg6 Qb2 18. Qxh5 Nxf2 19. Qf3 Nxe4 20. Qxe4 { Hansen,T 
( 2282 ) -Haug,R/Oslo 2002/CBM 087 ext/1-0}  )6. c3 Nf6 7. Ng5 e6 8. O-O Bg7 9.
cxd4 d5 10. exd5 Nxd5 11. Nc3 Nb6 12. Bb5 Qxd4 13. Be3 Qxd1 14. Rfxd1 O-O 15.
Bc5 Re8 16. Nce4 Bxb2 17. Rab1 Be5 18. f4 Bg7 19. Nxf7 Nd5 { Real de Azua,E  (
2308 ) -Nedilsky,D  ( 2296 ) /Buenos Aires 2003/CBM 095 ext/0-1}  )( 5. Qxd4
Nf6 6. Nc3 Nc6 7. Qd3 Bg7 8. Bg5 d6 9. Be2 O-O 10. O-O Bg4 11. a3 Nd7 12. Qd2
Kh7 13. Be3 Bxf3 14. Bxf3 Nce5 15. Be2 Nb6 16. b3 Rc8 17. Nb5 Nc6 18. c3 Nd7
19. Rab1 Nc5 { Galego,L  ( 2475 ) -Silva,F  ( 2340 ) /Lisbon 1997/CBM 056
ext/1-0  ( 38 )}  )5... Nc6 6. Bg5 { Black is behind in developement. Black's
piece can't move: c8}  ( 6. Nc3 $5 $14)6... Bg7 $11 7. c3 { Secures b4+d4} 
7... Nf6 { Black threatens to win material: Nf6xe4}  8. Nd2 O-O 9. f4 $2 ( 9.
Nxc6 $142 { would keep White alive}  9... bxc6 10. Bxf6 exf6 11. g4 hxg4 12.
Qxg4 $11 )9... Ng4 10. N2f3 ( 10. Nxc6 bxc6 11. Qf3 f6 $19 )10... f6 ( 10...
Nxd4 { keeps an even firmer grip}  11. cxd4 d5 12. Ne5 $19 )11. Qb3+ $2 ( 11.
Qd2 fxg5 12. hxg5 d5 $19 )11... e6 ( 11... d5 $142 { and Black can already
relax}  12. Nc2 e6 13. exd5 Qxd5 14. Qxd5 exd5 15. Bd3 fxg5 16. hxg5 Rxf4 17.
Bxg6 $19 )12. O-O-O $2 ( 12. g3 Nxd4 13. cxd4 Qa5+ 14. Qc3 Qb6 $19 )12... Qb6 (
12... Nxd4 $142 { seems even better}  13. Nxd4 Qb6 $19 )13. Nb5 ( 13. Rd2 { the
last chance for counterplay}  13... fxg5 14. fxg5 Bxd4 15. cxd4 Qxb3 16. axb3
$19 )13... fxg5 14. f5 ( 14. hxg5 { a fruitless try to alter the course of the
game}  14... Nf2 15. Rh4 Qe3+ 16. Kb1 Nxd1 17. Qxd1 Rxf4 $19 )14... gxf5 15.
exf5 Rxf5 ( 15... Nf2 $5 $142 { makes it even easier for Black}  16. hxg5 Rxf5
17. Rxh5 Nxd1 18. Kxd1 $19 )16. Bd3 Rxb5 $1 { Decoy: b5}  17. Bxb5 ( 17. Qxb5
Qxb5 { Combination}  )( 17. Bxb5 Nf2 { Decoy}  )17... Nf2 18. Nxg5 Nxh1 19. Rf1
( 19. Rxh1 { cannot change what is in store for ?}  19... Ne5 20. Rf1 Qe3+ 21.
Kd1 Ng4 $19 )19... Bh6 ( 19... Qe3+ $142 { it becomes clear that Black will
call all the shots}  20. Kb1 Ng3 21. Rd1 $19 )20. Qc2 ( 20. Rxh1 { is one last
hope}  20... Ne5 21. Kb1 $19 )20... Bxg5+ 21. Kb1 ( 21. hxg5 { doesn't get the
cat off the tree}  21... Ne7 ( 21... Qxb5 $4 { leads to death in 2}  22. Qg6+
Kh8 23. Rf8# )22. Rxh1 Qxb5 23. Rxh5 Qf1+ 24. Qd1 Qxd1+ 25. Kxd1 d5 $19 )21...
Ne7 ( 21... Kg7 $142 { might be the shorter path}  22. Rxh1 Qxb5 23. hxg5 Qxg5
24. Qd1 $19 )22. Bd3 ( 22. Rxh1 { a last effort to resist the inevitable} 
22... Qxb5 23. c4 $19 )22... Ng3 23. Qd1 Nxf1 24. Qxh5 Qe3 25. Qh7+ Kf8 26.
hxg5 Qe1+ 27. Kc2 Qf2+ ( 27... Nf5 { and Black can already relax}  28. Bxf1
Qxf1 29. Qh3 $19 )28. Kb3 Nd2+ 29. Ka4 Qf4+ 30. b4 Qxg5 31. Qh8+ Qg8 ( 31...
Ng8 $142 { secures the point}  32. Qd4 d5 33. Ka3 $19 )32. Qh6+ Qg7 33. Qxd2
Nd5 ( 33... b6 { seems even better}  34. Qf4+ Kg8 35. Qd4 $19 )34. c4 ( 34. Kb3
{ cannot undo what has already been done}  34... a5 35. bxa5 Rxa5 $19 )34...
b5+ $1 { Double attack: b4/b5}  35. cxb5 ( 35. Kxb5 Rb8+ { Double attack}  )(
35. cxb5 Nb6+ { Combination}  )35... Qe7 ( 35... Bb7 36. Be2 Rc8 37. Bf3 Nb6+
38. Kb3 $19 )36. a3 ( 36. Qh6+ { hardly improves anything}  36... Ke8 37. a3
Qf6 38. Qxf6 Nxf6 $19 )36... a5 $1 { Pinning: g4}  37. bxa5 ( 37. Qh6+ { a
fruitless try to alter the course of the game}  37... Qg7 38. Qxg7+ Kxg7 39.
bxa5 e5 $19 )37... Qh4+ 38. g4 ( 38. Kb3 { doesn't do any good}  38... Qd4 39.
g3 Ke7 $19 )38... Qxg4+ 39. Kb3 Qf4 ( 39... Qd4 { makes it even easier for
Black}  40. a4 $19 )40. Qb2 ( 40. Qxf4+ { does not improve anything}  40...
Nxf4 41. Bc4 Rxa5 $19 )40... Qf6 ( 40... Rxa5 $142 { and Black wins}  41. Kc2
$19 )41. Qd2 ( 41. Qxf6+ { does not win a prize}  41... Nxf6 42. Kb4 Ke7 $19
)41... Qc3+ $1 { a devastating blow}  ( 41... Qc3+ 42. Qxc3 Nxc3 43. Kxc3 Rxa5
$19 ) 0-1